[Event "AUTO-MASTER-3102"]
[Site "http://www.queenalice.com/game.php?id=1787070"]
[Date "2022.4.15"]
[Round "1"]
[White "LuisGabriel_HD"]
[Black "leeroy"]
[Result "1-0"]
[WhiteElo "1885"]
[BlackElo "2014"]

1. e4 e5 2. Nf3 d6 3. Nc3 Bg4 4. Bc4 Nf6 5. d3 h6 6. O-O c6 7. Re1 Qd7 8. Re3 b5
9. Bb3 Be7 10. d4 Bxf3 11. Rxf3 Qg4 12. Qd3 exd4 13. Ne2 O-O 14. Rf4 Qh5 15.
Nxd4 a6 16. h3 c5 17. Nf5 Bd8 18. Rh4 Qg6 19. Bd5 Ra7 20. b3 h5 21. Bb2 Nbd7 22.
f4 Nxd5 23. Qxd5 Bxh4 24. Nxh4 Qe6 25. Qxh5 Nf6 26. Bxf6 Qxf6 27. Rf1 Qd4+ 28.
Kh1 Qxe4 29. f5 Qe5 30. Nf3 Qf6 31. g4 Qh6 32. Ng5 Qxh5 33. gxh5 Re8 34. f6 1-0

[Event "AUTO-MASTER-3102"]
[Site "http://www.queenalice.com/game.php?id=1787077"]
[Date "2022.4.15"]
[Round "1"]
[White "Kapablanca"]
[Black "LuisGabriel_HD"]
[Result "1-0"]
[WhiteElo "1983"]
[BlackElo "1941"]

1. d4 d5 2. c4 dxc4 3. e4 e6 4. Bxc4 Nc6 5. Ne2 Bb4+ 6. Nbc3 Bxc3+ 7. bxc3 Nf6
8. Qc2 O-O 9. O-O Re8 10. e5 Nh5 11. Bd3 g6 12. Ng3 Nxg3 13. fxg3 b6 14. h4 Ne7
15. Bg5 Bb7 16. h5 1-0

[Event "AUTO-MASTER-3102"]
[Site "http://www.queenalice.com/game.php?id=1787078"]
[Date "2022.4.15"]
[Round "1"]
[White "LuisGabriel_HD"]
[Black "Kapablanca"]
[Result "0-1"]
[WhiteElo "1957"]
[BlackElo "1967"]

1. e4 e6 2. d4 d5 3. e5 c5 4. dxc5 Bxc5 5. Nf3 Ne7 6. Bb5+ Bd7 7. Bxd7+ Nxd7 8.
Bg5 O-O 9. O-O Qb6 10. b3 Ng6 11. Nc3 Rac8 12. Na4 Qc7 13. Nxc5 Nxc5 14. Qd4 Ne4
15. c4 Nxg5 16. Nxg5 Qxe5 0-1

[Event "AUTO-OPEN-4362"]
[Site "http://www.queenalice.com/game.php?id=1787254"]
[Date "2022.4.18"]
[Round "1"]
[White "LuisGabriel_HD"]
[Black "bmax"]
[Result "0-1"]
[WhiteElo "1921"]
[BlackElo "2341"]

1. e4 d6 2. d4 Nf6 3. Nc3 e5 4. d5 c6 5. dxc6 bxc6 6. Bg5 Be7 7. Nf3 Nbd7 8. Bc4
O-O 9. O-O h6 10. Bxf6 Nxf6 11. h3 a5 12. Re1 Rb8 13. b3 Qc7 14. Qd3 Bb7 15.
Rad1 Rfd8 16. Nh4 d5 17. exd5 cxd5 18. Bb5 e4 19. Qd4 Bc5 20. Qd2 Bb4 21. Qd4
Bxc3 22. Qe3 Bxe1 23. Rxe1 Qxc2 24. a4 d4 25. Qg3 Nh5 26. Qe5 Qd2 27. Re2 Qd1+
28. Kh2 d3 29. Re3 Qxb3 30. Qxh5 Qe6 31. Nf5 d2 32. Be2 Kf8 33. Bg4 Qe5+ 34. g3
Bc8 35. Nh4 Qxh5 36. Bxh5 g6 37. Bd1 Be6 38. Ra3 Rb1 39. Bc2 Rc1 40. Bb3 Bxb3
41. Rxb3 d1=Q 0-1

[Event "AUTO-OPEN-4362"]
[Site "http://www.queenalice.com/game.php?id=1787255"]
[Date "2022.4.18"]
[Round "1"]
[White "bmax"]
[Black "LuisGabriel_HD"]
[Result "1-0"]
[WhiteElo "2352"]
[BlackElo "1875"]

1. d4 d5 2. Bf4 Nf6 3. e3 Bg4 4. Nf3 e6 5. Nbd2 Bb4 6. c3 Ba5 7. Qa4+ Nc6 8. Ne5
Bb6 9. Nxc6 bxc6 10. Qxc6+ Kf8 11. Bd3 Bh5 12. h3 Ne8 13. h4 Bg6 14. Ba6 h6 15.
h5 Be4 16. Nxe4 dxe4 17. a4 g5 18. hxg6 fxg6 19. Bxh6+ Kg8 20. Qxe6+ Kh7 21.
Qf7+ 1-0

[Event "AUTO-OPEN-4362"]
[Site "http://www.queenalice.com/game.php?id=1787256"]
[Date "2022.4.18"]
[Round "1"]
[White "LuisGabriel_HD"]
[Black "stoyan1"]
[Result "0-1"]
[WhiteElo "1897"]
[BlackElo "2041"]

1. e4 e5 2. Nf3 Nc6 3. Bb5 Nd4 4. Nc3 Nxf3+ 5. Qxf3 Nf6 6. d3 c6 7. Bc4 Bc5 8.
Bg5 Be7 9. O-O b5 10. Bb3 d6 11. h3 h6 12. Bxf6 Bxf6 13. Rad1 a5 14. a3 Be6 15.
Bxe6 fxe6 16. Rfe1 O-O 17. Qg4 Qe8 18. Re3 h5 19. Qe2 g5 20. Rg3 Qg6 21. Kh2 d5
22. exd5 exd5 23. Qf3 e4 24. dxe4 Be5 25. Qe3 Bxg3+ 26. fxg3 Rae8 27. Rd4 Re5
28. Qe2 Rfe8 29. b4 axb4 30. axb4 dxe4 31. Qd1 e3 32. Rd6 Qf7 33. Rxc6 e2 34.
Nxe2 Rxe2 35. Qc1 Qd5 36. Rg6+ Kh7 37. Qf1 Kxg6 38. c3 Qd2 39. Qb1+ Kh6 40. Qf1
Rf2 41. Qg1 Re1 42. Qxf2 Qxf2 43. c4 Qg1# 0-1

[Event "AUTO-OPEN-4362"]
[Site "http://www.queenalice.com/game.php?id=1787257"]
[Date "2022.4.18"]
[Round "1"]
[White "stoyan1"]
[Black "LuisGabriel_HD"]
[Result "1-0"]
[WhiteElo "2088"]
[BlackElo "1850"]

1. e4 e5 2. Nf3 Nc6 3. Bc4 Bb4 4. c3 Bc5 5. b4 Bb6 6. Qb3 Qe7 7. d3 h6 8. a4 a5
9. b5 Nd8 10. O-O Nf6 11. Ba3 d6 12. Nbd2 Nh5 13. d4 exd4 14. cxd4 Bg4 15. e5
Bxf3 16. exd6 cxd6 17. Rfe1 Ne6 18. Nxf3 O-O 19. d5 Nc5 20. Bxc5 Qc7 21. Be3
Bxe3 22. Rxe3 Nf4 23. Nd2 Rfe8 24. Rae1 Rxe3 25. Qxe3 Ng6 26. Bd3 Ne5 27. Bb1
Kf8 28. Nf3 Re8 29. Nxe5 Rxe5 30. Qd2 Rg5 31. Qd3 g6 32. h4 Rg4 33. g3 Rxa4 34.
Qf3 Kg7 35. h5 gxh5 36. Qxh5 Qd7 37. Qe2 Rb4 38. Qc2 f5 39. Re6 Rxb5 40. Qxf5
Rxb1+ 41. Kg2 Rb4 42. Qg6+ Kf8 43. Rf6+ Ke7 44. Rf7+ Kd8 45. Rxd7+ Kxd7 46. Qe6+
Kc7 47. Qe7+ Kc8 48. Qxd6 1-0

[Event "AUTO-OPEN-4362"]
[Site "http://www.queenalice.com/game.php?id=1787258"]
[Date "2022.4.18"]
[Round "1"]
[White "LuisGabriel_HD"]
[Black "Drag0nBall"]
[Result "0-1"]
[WhiteElo "1887"]
[BlackElo "2365"]

1. e4 e5 2. Nf3 Nc6 3. Bb5 Nf6 4. d3 Bc5 5. Nc3 Nd4 6. O-O O-O 7. Nxe5 d6 8. Nf3
Bg4 9. Re1 c6 10. Bc4 Nd7 11. h3 Bxf3 12. gxf3 Ne5 13. Be3 Nexf3+ 14. Kf1 Qh4
15. Kg2 Nxe1+ 16. Qxe1 Nxc2 17. Qc1 Nxe3+ 18. fxe3 Rae8 19. Qe1 Qh6 20. Qf2 Bxe3
21. Qf3 b5 22. Bb3 Kh8 23. Rf1 f5 24. exf5 d5 25. Ne2 Bb6 26. Nf4 Rxf5 27. Bc2
g5 28. d4 Rxf4 29. Qg3 Re2+ 30. Kh1 Rxf1+ 0-1

[Event "AUTO-OPEN-4362"]
[Site "http://www.queenalice.com/game.php?id=1787259"]
[Date "2022.4.18"]
[Round "1"]
[White "Drag0nBall"]
[Black "LuisGabriel_HD"]
[Result "1-0"]
[WhiteElo "2363"]
[BlackElo "1899"]

1. d4 d5 2. c4 dxc4 3. Nf3 Bg4 4. Ne5 Nf6 5. Nxg4 Nxg4 6. e3 e6 7. Qxg4 Nc6 8.
Bxc4 Qf6 9. Nc3 Nb4 10. O-O Bd6 11. a3 Nc6 12. Qh3 Qg6 13. f4 Ne7 14. e4 c6 15.
f5 exf5 16. exf5 Qf6 17. Be3 O-O-O 18. Ne4 Kc7 19. Nxf6 gxf6 20. Bxf7 Rdf8 21.
Qh5 Nd5 22. Bh6 Rd8 23. Bxd5 cxd5 24. Bg7 Rhg8 25. Qf7+ Kc6 26. Rf3 Rde8 27.
Rc1+ Kb6 28. Rb3+ Ka5 29. Qxd5+ Bc5 30. Qxc5+ 1-0

[Event "AUTO-MASTER-3089"]
[Site "http://www.queenalice.com/game.php?id=1795242"]
[Date "2022.8.31"]
[Round "2"]
[White "LuisGabriel_HD"]
[Black "Fauquinelle"]
[Result "0-1"]
[WhiteElo "1831"]
[BlackElo "1942"]

1. e4 e5 2. Nf3 Nc6 3. Bb5 a6 4. Bxc6 dxc6 5. d3 Bg4 6. Nc3 Bc5 7. O-O Qd6 8.
Re1 O-O-O 9. Be3 Bd4 10. h3 Be6 11. Ng5 h6 12. Nxe6 Qxe6 13. a4 c5 14. Bxd4 cxd4
15. Nd5 c6 16. Nb6+ Kb8 17. c4 dxc3 18. bxc3 Nf6 19. d4 Kc7 20. Rb1 a5 21. Qd3
exd4 22. cxd4 Nd7 23. d5 Qe5 24. Nc4 Qg5 25. Nxa5 Nc5 26. Qc4 Qe7 27. dxc6 b6
28. Nb7 Nxb7 0-1

[Event "AUTO-MASTER-3089"]
[Site "http://www.queenalice.com/game.php?id=1795243"]
[Date "2022.8.31"]
[Round "2"]
[White "Fauquinelle"]
[Black "LuisGabriel_HD"]
[Result "1-0"]
[WhiteElo "1929"]
[BlackElo "1863"]

1. d4 d5 2. Nf3 Nc6 3. Bf4 Nf6 4. e3 a6 5. c4 dxc4 6. Bxc4 Bg4 7. h3 Bxf3 8.
Qxf3 e6 9. O-O Bd6 10. Bg5 Be7 11. Nc3 b5 12. Qxc6+ Kf8 13. Be2 h6 14. Bf4 Bd6
15. Be5 Bxe5 16. dxe5 Nd5 17. Rad1 g6 18. Nxd5 exd5 19. Rxd5 Qc8 20. Bg4 Qb8 21.
Qc5+ Kg7 22. Rd7 Ra7 23. e6 Rf8 24. Qe5+ Kg8 25. exf7+ Kh7 26. h4 a5 27. h5 c6
28. hxg6+ Kxg6 29. Bh5+ 1-0

[Event "AUTO-MASTER-3087"]
[Site "http://www.queenalice.com/game.php?id=1796309"]
[Date "2022.9.17"]
[Round "2"]
[White "LuisGabriel_HD"]
[Black "Guilherme_Ottoni"]
[Result "0-1"]
[WhiteElo "1895"]
[BlackElo "2263"]

1. e4 e5 2. Nf3 Nc6 3. Bb5 a6 4. Bxc6 dxc6 5. Nc3 f6 6. O-O Bg4 7. d3 Qd7 8. Re1
Bd6 9. Be3 Ne7 10. d4 exd4 11. Bxd4 O-O-O 12. Re3 c5 13. Rd3 cxd4 14. Rxd4 Bxf3
15. Qxf3 Bxh2+ 16. Kh1 Qxd4 17. Kxh2 Qe5+ 18. Kg1 Kb8 19. Re1 Rd2 20. Rc1 Qg5
21. Rb1 Rhd8 22. g3 Rxc2 23. Na4 Rc1+ 24. Rxc1 Qxc1+ 25. Kg2 Ng6 26. Qg4 Rd1 27.
Qe2 Rg1+ 28. Kh2 Rh1+ 29. Kg2 Ne5 0-1

[Event "AUTO-MASTER-3087"]
[Site "http://www.queenalice.com/game.php?id=1796310"]
[Date "2022.9.17"]
[Round "2"]
[White "Guilherme_Ottoni"]
[Black "LuisGabriel_HD"]
[Result "1-0"]
[WhiteElo "2264"]
[BlackElo "1893"]

1. e4 e5 2. Nf3 Nc6 3. Bb5 Bc5 4. c3 d6 5. d4 exd4 6. cxd4 Bb4+ 7. Bd2 Bxd2+ 8.
Nbxd2 Bd7 9. O-O Qf6 10. Nb3 Qg6 11. Re1 Bh3 12. g3 a6 13. Bxc6+ bxc6 14. Nh4
Qf6 15. Qf3 Qe7 16. e5 d5 17. Nf5 Qg5 18. Ne3 Be6 19. Rac1 Bd7 20. Nc5 h5 21.
Nxd7 Kxd7 22. Qxf7+ Ne7 23. f4 Qg6 24. Qxg6 Nxg6 25. f5 Ne7 26. h3 Raf8 27. g4
hxg4 28. hxg4 Rb8 29. b3 Rb4 30. Nc2 Rb5 31. Kg2 1-0

[Event "AUTO-MASTER-3087"]
[Site "http://www.queenalice.com/game.php?id=1796311"]
[Date "2022.9.17"]
[Round "2"]
[White "LuisGabriel_HD"]
[Black "pomar"]
[Result "0-1"]
[WhiteElo "1844"]
[BlackElo "1925"]

1. e4 e6 2. d4 d5 3. e5 c5 4. dxc5 Bxc5 5. Nf3 Qb6 6. Qd2 Bd7 7. Nc3 Ne7 8. Bd3
Ng6 9. O-O O-O 10. Qg5 f6 11. exf6 Rxf6 12. b3 Bb4 13. Bb2 d4 14. Ne4 Rf5 15.
Qg4 e5 16. Neg5 Rf6 17. Qg3 Nc6 18. a3 Be7 19. Rfe1 Bf5 20. Rad1 Bxd3 21. Rxd3
Qa5 22. b4 Qa4 23. Rb3 Qb5 24. Qh3 h6 25. Ne4 Rff8 26. Qe6+ Kh7 27. Nd6 Bxd6 28.
Qxd6 Rad8 0-1

[Event "AUTO-MASTER-3087"]
[Site "http://www.queenalice.com/game.php?id=1796312"]
[Date "2022.9.17"]
[Round "2"]
[White "pomar"]
[Black "LuisGabriel_HD"]
[Result "1-0"]
[WhiteElo "2019"]
[BlackElo "1906"]

1. f3 e5 2. Kf2 Nf6 3. e3 Nc6 4. c4 Bc5 5. Ne2 d5 6. cxd5 Qxd5 7. Nbc3 Qd7 8. a3
O-O 9. b4 Bb6 10. Bb2 Re8 11. Ng3 a6 12. Rc1 Nd5 13. Bc4 Nf6 14. Nce4 Nxe4+ 15.
Nxe4 Qf5 16. Qb3 Be6 17. Bxe6 Rxe6 18. Nc5 Bxc5 19. Rxc5 Rd8 20. d4 exd4 21.
Rxf5 dxe3+ 22. Kg3 e2 23. Kf2 Rd2 24. Re1 g6 25. Qc3 Kf8 26. Qg7+ Ke7 27. Rxf7+
Kd6 28. Rd7# 1-0

[Event "AUTO-MASTER-3087"]
[Site "http://www.queenalice.com/game.php?id=1796313"]
[Date "2022.9.17"]
[Round "2"]
[White "LuisGabriel_HD"]
[Black "rmvwoods"]
[Result "0-1"]
[WhiteElo "1891"]
[BlackElo "2117"]

1. e4 d6 2. d4 Nf6 3. Nc3 c6 4. Bc4 g6 5. Nf3 Bg7 6. O-O Bg4 7. Re1 d5 8. exd5
cxd5 9. Bb5+ Nbd7 10. Bg5 O-O 11. Bxd7 Qxd7 12. Qd3 Bf5 13. Qe3 e6 14. Ne5 Qd6
15. Nb5 Qe7 16. c3 a6 17. Na3 Qd6 18. c4 Ne4 19. Bf4 Qb4 20. cxd5 exd5 21. Re2
Rfe8 22. Qf3 Qxd4 23. Nd3 Nf6 24. Rd2 Bxd3 0-1

[Event "AUTO-MASTER-3087"]
[Site "http://www.queenalice.com/game.php?id=1796314"]
[Date "2022.9.17"]
[Round "2"]
[White "rmvwoods"]
[Black "LuisGabriel_HD"]
[Result "1-0"]
[WhiteElo "2122"]
[BlackElo "1884"]

1. d4 d5 2. c4 dxc4 3. Nf3 Nf6 4. e3 Bg4 5. Bxc4 e6 6. h3 Bxf3 7. Qxf3 Bb4+ 8.
Bd2 Bxd2+ 9. Nxd2 O-O 10. Qxb7 Nbd7 11. b3 Re8 12. Rc1 Nb6 13. Bb5 Re7 14. Bc6
Rb8 15. Qxa7 e5 16. dxe5 Rxe5 17. Nc4 Rc5 18. O-O g6 19. Rfd1 Qf8 20. Bf3 Nbd5
21. Qa3 Ra8 22. Qb2 Ra6 23. b4 Rb5 24. a3 1-0

[Event "AUTO-ADV-4585"]
[Site "http://www.queenalice.com/game.php?id=1797823"]
[Date "2022.10.11"]
[Round "2"]
[White "Biagio"]
[Black "LuisGabriel_HD"]
[Result "1-0"]
[WhiteElo "2168"]
[BlackElo "1776"]

1. d4 d5 2. Nf3 Nc6 3. Bf4 Nf6 4. e3 Bg4 5. Nbd2 e6 6. c3 Bd6 7. Be2 O-O 8. h3
Bxf3 9. Nxf3 Re8 10. O-O e5 11. dxe5 Nxe5 12. Nxe5 Bxe5 13. Bxe5 1-0

[Event "AUTO-ADV-4585"]
[Site "http://www.queenalice.com/game.php?id=1797824"]
[Date "2022.10.11"]
[Round "2"]
[White "LuisGabriel_HD"]
[Black "Biagio"]
[Result "0-1"]
[WhiteElo "1778"]
[BlackElo "2167"]

1. e4 c6 2. d4 d5 3. e5 Bf5 4. Nf3 e6 5. Bd3 Bxd3 6. Qxd3 Qa5+ 7. Bd2 Qa6 8.
Qxa6 Nxa6 9. a3 c5 10. dxc5 Nxc5 11. O-O Ne7 12. Bb4 Nc6 13. Nc3 Nxb4 0-1

[Event "AUTO-ADV-4585"]
[Site "http://www.queenalice.com/game.php?id=1797827"]
[Date "2022.10.11"]
[Round "2"]
[White "Nille"]
[Black "LuisGabriel_HD"]
[Result "1-0"]
[WhiteElo "1819"]
[BlackElo "1808"]

1. e4 e5 2. Nf3 Nc6 3. Bc4 Nf6 4. Ng5 d5 5. exd5 Nxd5 6. d3 Be6 7. Nxe6 fxe6 8.
Qf3 Nd4 9. Qd1 b5 10. Bb3 Bc5 11. c4 bxc4 12. Bxc4 Qf6 13. O-O O-O 14. Bd2 Nf4
15. Bxf4 Qxf4 16. Nc3 Bd6 17. Ne4 Rf5 18. Ng3 1-0

[Event "AUTO-ADV-4585"]
[Site "http://www.queenalice.com/game.php?id=1797828"]
[Date "2022.10.11"]
[Round "2"]
[White "LuisGabriel_HD"]
[Black "Nille"]
[Result "0-1"]
[WhiteElo "1792"]
[BlackElo "1835"]

1. e4 e5 2. Nf3 d6 3. h3 Nf6 4. Nc3 a6 5. Bc4 h6 6. d4 exd4 7. Qxd4 Be7 8. O-O
c5 9. Qd3 Nc6 10. Bf4 Nb4 11. Qd2 O-O 12. a3 Nc6 13. Rfd1 b5 14. Bd5 Bb7 15. e5
dxe5 16. Nxe5 Rc8 0-1